000 00512nam a2200205Ia 4500
005 20250425161339.0
008 250425s9999 xx 000 0 und d
020 _a0201116901
041 _aeng
082 _a670
100 _aKALPAKJIAN, SEROPE
245 0 _aMANUFACTURING PROCESSES FOR ENGINEERING MATERIALS
250 _aS.E.
260 _aEstados Unidos
_bADDISON-WESLEY
_c1984
260 _aILLINOIS CITY
300 _a840
650 _aPROCESOS DE MANUFACTURA
942 _c01
010 _a18277
999 _c207420
_d207420